|
|
|
|
| LEADER |
00824nam a2200265 4500 |
| 001 |
DLU110128069 |
| 005 |
##20111115 |
| 040 |
# |
# |
|a DLU
|b vie
|
| 041 |
# |
# |
|a vie
|
| 044 |
# |
# |
|a vn
|
| 100 |
# |
# |
|a Phạm Thị Tuyết,
|c ThS.
|
| 245 |
# |
# |
|a Chính sách thuế của thực dân Pháp ở thành phố Hải Dương từ năm 1892 đến 1945 /
|c Phạm Thị Tuyết.
|
| 653 |
# |
# |
|a Chính sách thuế
|
| 653 |
# |
# |
|a Chủ nghĩa thực dân Pháp
|
| 653 |
# |
# |
|a Thuế
|
| 773 |
# |
# |
|t Nghiên cứu Lịch sử
|g Số 3(407), 2010, tr. 61-76
|
| 920 |
# |
# |
|a Phòng Tạp chí -- Trung tâm Thông tin - Thư viện Trường Đại học Đà Lạt
|
| 994 |
# |
# |
|a DLU
|
| 900 |
# |
# |
|a True
|
| 911 |
# |
# |
|a Nguyễn Thị Linh Chi
|
| 925 |
# |
# |
|a G
|
| 926 |
# |
# |
|a A
|
| 927 |
# |
# |
|a BB
|
| 980 |
# |
# |
|a Thư viện Trường Đại học Đà Lạt
|